[Event "WC-2017-P-00016"]
[Site "LSS email"]
[Date "2013.02.27"]
[Round "?"]
[White "Giurgiu, Nicolas T"]
[Black "Obukhov, Gennady Nikolaevich"]
[Result "0-1"]
[WhiteElo "2068"]
[BlackElo "1898"]
[PlyCount "114"]
[EventDate "2013.03.03"]
[EventType "tourn (corr)"]
[EventRounds "12"]
[EventCountry "GER"]
[SourceTitle "Telechess CBM 167"]
[Source "ChessBase"]
[SourceDate "2015.07.13"]
[SourceVersion "1"]
[SourceVersionDate "2015.07.13"]
[SourceQuality "1"]

1. d4 d5 2. c4 c6 3. Nc3 e5 4. dxe5 d4 5. Ne4 Qa5+ 6. Bd2 Qxe5 7. Ng3 Nf6 8. Nf3 Qd6 9. Qc2 Be7 10. 0-0-0 0-0 11. Kb1 c5 12. e3 dxe3 13. Bxe3 Qb6 14. Nf5 Bxf5 15. Qxf5 Nc6 16. Be2 g6 17. Qf4 Nh5 18. Qe4 Ng7 19. g4 Ne6 20. g5 Rfe8 21. h4 Bf8 22. Qc2 Nf4 23. Bxf4 Nb4 24. Qb3 Rxe2 25. a3 Nd5 26. Qxb6 Nxb6 27. b3 Rxf2 28. Rhf1 Rd8 29. Rxf2 Rxd1+ 30. Kc2 Ra1 31. Kb2 Rh1 32. Bb8 Bg7+ 33. Kc2 Ra1 34. Rd2 Ra2+ 35. Kd1 Rxd2+ 36. Kxd2 Nc8 37. Kd3 Kf8 38. Ke4 Ke7 39. Ne1 f5+ 40. gxf6+ Bxf6 41. Nf3 a6 42. a4 Nd6+ 43. Kd5 Nf5 44. h5 gxh5 45. Ba7 h4 46. Bxc5+ Kf7 47. Ng1 Kg6 48. b4 Kg5 49. Ke6 Nd4+ 50. Kd5 Nb3 51. Bd6 Kg4 52. c5 Bd4 53. Ne2 Be3 54. Kc4 Kf3 55. Kxb3 h3 56. Ng3 h2 57. Nh1 Kg2 0-1

[Event "WC-2017-P-00016"]
[Site "LSS email"]
[Date "2013.02.27"]
[Round "?"]
[White "Sirotkin, Evgenji"]
[Black "Giurgiu, Nicolas T"]
[Result "0-1"]
[WhiteElo "1354"]
[BlackElo "2068"]
[PlyCount "67"]
[EventDate "2013.03.03"]
[EventType "tourn (corr)"]
[EventRounds "12"]
[EventCountry "GER"]
[SourceTitle "Telechess CBM 167"]
[Source "ChessBase"]
[SourceDate "2015.07.13"]
[SourceVersion "1"]
[SourceVersionDate "2015.07.13"]
[SourceQuality "1"]

1. d4 d5 2. c4 c6 3. Nc3 Nf6 4. cxd5 cxd5 5. Nf3 Nc6 6. Bf4 Bf5 7. e3 e6 8. Bd3 Bxd3 9. Qxd3 Be7 10. 0-0 Rc8 11. a3 Nh5 12. Be5 f6 13. Bg3 Nxg3 14. hxg3 f5 15. Rac1 0-0 16. Ne2 Qd7 17. b4 Bd6 18. Nf4 a6 19. Ng5 Rfe8 20. Qb3 Kh8 21. Nf3 Qe7 22. Rc3 g5 23. Ne2 Ra8 24. Qb2 Kg7 25. Rfc1 Rh8 26. R1c2 Kf7 27. Qc1 Kg6 28. Ne1 h5 29. f4 g4 30. Nd3 h4 31. Ne5+ Bxe5 32. fxe5 Rac8 33. Nf4+ Kf7 34. Qe1 0-1

[Event "WC-2015-Q-00010"]
[Site "LSS email"]
[Date "2012.09.11"]
[Round "?"]
[White "Giurgiu, Nicolas T"]
[Black "Nemec, Zdenek"]
[Result "1/2-1/2"]
[WhiteElo "2072"]
[BlackElo "2161"]
[PlyCount "106"]
[EventDate "2012.09.17"]
[EventType "tourn (corr)"]
[EventRounds "10"]
[EventCountry "GER"]
[SourceTitle "Telechess CBM 165"]
[Source "ChessBase"]
[SourceDate "2015.03.11"]
[SourceVersion "1"]
[SourceVersionDate "2015.03.11"]
[SourceQuality "1"]

1. e4 c5 2. Nf3 d6 3. d4 cxd4 4. Nxd4 Nf6 5. Nc3 g6 6. Be2 Bg7 7. 0-0 0-0 8. Be3 Nc6 9. Kh1 d5 10. Nxc6 bxc6 11. e5 Ne8 12. f4 f6 13. exf6 Bxf6 14. Bc5 Bf5 15. Bd3 Ng7 16. Rb1 Qc7 17. Ne2 Qa5 18. Ba3 Rfe8 19. Ng3 e6 20. Nxf5 exf5 21. c4 d4 22. c5 Kh8 23. Qc1 Rab8 24. b4 Qa4 25. Bc2 Qb5 26. Bb3 Re3 27. Qd1 a5 28. Bc1 Re7 29. a4 Qa6 30. b5 cxb5 31. axb5 Qxb5 32. Bc2 Qe8 33. Ba4 Qg8 34. Bd2 Rxb1 35. Qxb1 Qc4 36. Qb5 Qxb5 37. Bxb5 Ra7 38. c6 Bd8 39. Bc1 Ne8 40. Rd1 Nd6 41. Rxd4 Re7 42. Bd2 Bc7 43. Bf1 Re4 44. Rd5 Kg8 45. g3 Ra4 46. Bc3 Kf7 47. Be5 Ke6 48. Rd2 Rb4 49. Be2 a4 50. Ra2 Kd5 51. Kg2 Kxc6 52. Bd1 Nb5 53. Rxa4 Rxa4 1/2-1/2

[Event "WC-2015-Q-00010"]
[Site "LSS email"]
[Date "2012.09.11"]
[Round "?"]
[White "Giurgiu, Nicolas T"]
[Black "Pannekoek, Willem Jan"]
[Result "1/2-1/2"]
[WhiteElo "2072"]
[BlackElo "2316"]
[PlyCount "88"]
[EventDate "2012.09.17"]
[EventType "tourn (corr)"]
[EventRounds "10"]
[EventCountry "GER"]
[SourceTitle "Telechess CBM 165"]
[Source "ChessBase"]
[SourceDate "2015.03.11"]
[SourceVersion "1"]
[SourceVersionDate "2015.03.11"]
[SourceQuality "1"]

1. e4 c5 2. Nf3 d6 3. d4 cxd4 4. Nxd4 Nf6 5. Nc3 a6 6. Bg5 Nbd7 7. Bc4 Qb6 8. Bb3 e6 9. a4 Qa5 10. Qd2 h6 11. Be3 Ng4 12. f4 Nc5 13. Bg1 Be7 14. 0-0-0 0-0 15. Kb1 Qc7 16. Qe2 Nf6 17. Ba2 b5 18. e5 dxe5 19. Qxe5 Qb7 20. Nf5 exf5 21. Bxc5 Bxc5 22. Qxc5 Be6 23. Bxe6 fxe6 24. Rhe1 b4 25. Na2 Ne4 26. Qc4 Kh8 27. Re2 Rad8 28. Rd3 a5 29. Nc1 Qb8 30. Rxd8 Rxd8 31. Nd3 Rd5 32. g4 Qd6 33. Qc8+ Kh7 34. gxf5 exf5 35. Ka2 Qd8 36. Qxd8 Rxd8 37. h4 Kg8 38. h5 Re8 39. Rh2 Rc8 40. Ne5 Rc7 41. Re2 Kf8 42. Kb3 Nc5+ 43. Kc4 Nxa4+ 44. Kd5 Nxb2 1/2-1/2

[Event "WC-2015-Q-00010"]
[Site "LSS email"]
[Date "2012.09.11"]
[Round "?"]
[White "Nemec, Zdenek"]
[Black "Giurgiu, Nicolas T"]
[Result "1-0"]
[WhiteElo "2161"]
[BlackElo "2072"]
[PlyCount "109"]
[EventDate "2012.09.17"]
[EventType "tourn (corr)"]
[EventRounds "10"]
[EventCountry "GER"]
[SourceTitle "Telechess CBM 165"]
[Source "ChessBase"]
[SourceDate "2015.03.11"]
[SourceVersion "1"]
[SourceVersionDate "2015.03.11"]
[SourceQuality "1"]

1. e4 e5 2. Nf3 Nc6 3. Bb5 a6 4. Ba4 Nf6 5. 0-0 Be7 6. d3 b5 7. Bb3 0-0 8. a4 Bb7 9. Re1 d6 10. Nbd2 Na5 11. Ba2 c5 12. Nf1 bxa4 13. Ne3 Bc6 14. Nh4 g6 15. Nf3 Rb8 16. Bd2 Rxb2 17. Bxa5 Qxa5 18. Nc4 Qc3 19. Nxb2 Qxb2 20. Qe2 Qb7 21. Nd2 Qc7 22. Nf1 Rb8 23. Bc4 Qa5 24. Ne3 Kg7 25. Ra2 Qd8 26. Rea1 Rb6 27. c3 Qb8 28. Nd1 a5 29. Rb2 Rb7 30. Rxb7 Qxb7 31. Ne3 Bd8 32. Qa2 Qe7 33. Rb1 Qd7 34. Bd5 Nxd5 35. exd5 Bb5 36. c4 Ba6 37. Nd1 Qf5 38. Qc2 h6 39. Ra1 Bc8 40. Rxa4 Qd7 41. Ra1 Qe7 42. Nc3 Bc7 43. Rb1 Qd7 44. Qb3 Qe7 45. Qb5 Qg5 46. Ne4 Qd8 47. Qc6 h5 48. h4 Kh6 49. Qa8 Kg7 50. Qa7 a4 51. g3 Kf8 52. Qxa4 Kg7 53. Qa8 Kf8 54. Ra1 Kg7 55. Ng5 1-0

[Event "WC-2015-Q-00010"]
[Site "LSS email"]
[Date "2012.09.11"]
[Round "?"]
[White "Pannekoek, Willem Jan"]
[Black "Giurgiu, Nicolas T"]
[Result "1/2-1/2"]
[WhiteElo "2316"]
[BlackElo "2072"]
[PlyCount "110"]
[EventDate "2012.09.17"]
[EventType "tourn (corr)"]
[EventRounds "10"]
[EventCountry "GER"]
[SourceTitle "Telechess CBM 165"]
[Source "ChessBase"]
[SourceDate "2015.03.11"]
[SourceVersion "1"]
[SourceVersionDate "2015.03.11"]
[SourceQuality "1"]

1. d4 d5 2. c4 e6 3. Nf3 Nf6 4. g3 Be7 5. Bg2 0-0 6. 0-0 Nbd7 7. Qc2 c6 8. Nbd2 b6 9. e4 Bb7 10. e5 Ne8 11. b3 c5 12. Re1 Rc8 13. Bb2 dxc4 14. bxc4 cxd4 15. Nxd4 Bxg2 16. Kxg2 Qc7 17. Nb5 Qc6+ 18. Qe4 Qxe4+ 19. Rxe4 a6 20. Nc3 Nc5 21. Re3 f5 22. Ba3 Nc7 23. Rd1 Rfd8 24. Nb3 Rxd1 25. Nxd1 Ne8 26. Nb2 Kf7 27. Nxc5 Bxc5 28. Rd3 Ke7 29. Rb3 Bxa3 30. Rxa3 a5 31. Rb3 Rc6 32. Kf3 Nc7 33. Ke3 Na6 34. Kd4 Nc5 35. Rb5 Ne4 36. f4 Nd2 37. Kd3 Nf1 38. Na4 Nxh2 39. Nxb6 Nf1 40. Nd5+ Kd8 41. Nc3 Nxg3 42. Rxa5 h6 43. a4 g5 44. Ra8+ Rc8 45. Ra6 gxf4 46. Rxe6 f3 47. Nd1 Ne4 48. Rxh6 f2 49. Ne3 Rc5 50. Rh4 Rxe5 51. Kd4 Re7 52. Rf4 Rd7+ 53. Nd5 Rf7 54. a5 Kc8 55. Ke5 Rh7 1/2-1/2

[Event "WC-2015-Q-00010"]
[Site "LSS email"]
[Date "2012.09.11"]
[Round "?"]
[White "Roberts, Anthony"]
[Black "Giurgiu, Nicolas T"]
[Result "1/2-1/2"]
[WhiteElo "2165"]
[BlackElo "2072"]
[PlyCount "105"]
[EventDate "2012.09.17"]
[EventType "tourn (corr)"]
[EventRounds "10"]
[EventCountry "GER"]
[SourceTitle "Telechess CBM 165"]
[Source "ChessBase"]
[SourceDate "2015.03.11"]
[SourceVersion "1"]
[SourceVersionDate "2015.03.11"]
[SourceQuality "1"]

1. e4 e5 2. Nf3 Nc6 3. Bb5 a6 4. Ba4 Nf6 5. 0-0 Be7 6. Re1 b5 7. Bb3 0-0 8. c3 d5 9. exd5 Nxd5 10. Nxe5 Nxe5 11. Rxe5 c6 12. d4 Bd6 13. Re1 Qh4 14. g3 Qh3 15. Bxd5 cxd5 16. Qf3 Rb8 17. Nd2 Rd8 18. Nf1 Bg4 19. Qxd5 Bxg3 20. Qg2 Bd6 21. a4 b4 22. Qxh3 Bxh3 23. c4 f5 24. Re3 Bg4 25. h3 Bh5 26. Re1 Kf7 27. a5 Re8 28. Bd2 Bf3 29. Re3 Rxe3 30. Nxe3 Bf4 31. b3 g5 32. d5 Be4 33. Rc1 h6 34. Re1 Re8 35. Nf1 Bd6 36. Rc1 Rc8 37. Ne3 Bc5 38. Nc2 Re8 39. Bxb4 Bxc2 40. Bxc5 Bxb3 41. d6 Ke6 42. Kh2 f4 43. Ba3 Ba4 44. Rb1 Bc6 45. Rb6 Kd7 46. Bb4 Ra8 47. Kg1 Be4 48. c5 Bd5 49. Bc3 Rc8 50. Bd4 Ra8 51. Kf1 Bf3 52. Ke1 h5 53. Rb1 1/2-1/2

[Event "SA-2012-0-00282"]
[Site "LSS email"]
[Date "2012.07.24"]
[Round "?"]
[White "Van Hooff, Ruud"]
[Black "Giurgiu, Nicolas T"]
[Result "1/2-1/2"]
[WhiteElo "2102"]
[BlackElo "2084"]
[PlyCount "51"]
[EventDate "2012.07.09"]
[EventType "tourn (corr)"]
[EventRounds "6"]
[EventCountry "GER"]
[SourceTitle "Telechess CBM 165"]
[Source "ChessBase"]
[SourceDate "2015.03.11"]
[SourceVersion "1"]
[SourceVersionDate "2015.03.11"]
[SourceQuality "1"]

1. d4 d5 2. Bg5 c6 3. e3 h6 4. Bh4 Qb6 5. Qc1 e5 6. Nf3 e4 7. Nfd2 Ne7 8. c4 Nf5 9. Bg3 Nxg3 10. hxg3 Be6 11. Nc3 Nd7 12. Be2 Be7 13. a3 0-0 14. 0-0 Rfc8 15. b4 Qd8 16. Qb2 Nf6 17. Na4 dxc4 18. Nc5 b5 19. Ndxe4 Nxe4 20. Nxe4 a5 21. Nc5 Bd5 22. Rfd1 Qc7 23. Bg4 Rd8 24. Bf5 Re8 25. Bc2 Ra7 26. e4 1/2-1/2

[Event "WC-2016-P-00015"]
[Site "LSS email"]
[Date "2012.02.12"]
[Round "?"]
[White "Giurgiu, Nicolas T"]
[Black "Laine, Jari"]
[Result "1/2-1/2"]
[WhiteElo "2084"]
[BlackElo "1790"]
[PlyCount "67"]
[EventDate "2012.02.15"]
[EventType "tourn (corr)"]
[EventRounds "12"]
[EventCountry "GER"]
[SourceTitle "Telechess CBM 163"]
[Source "ChessBase"]
[SourceDate "2014.11.11"]
[SourceVersion "2"]
[SourceVersionDate "2014.11.11"]
[SourceQuality "1"]

1. e4 e5 2. Nf3 Nc6 3. Bb5 a6 4. Ba4 Nf6 5. 0-0 Be7 6. Re1 b5 7. Bb3 d6 8. c3 0-0 9. h3 Na5 10. Bc2 c5 11. d4 Qc7 12. Nbd2 Bd7 13. Nf1 Nc4 14. b3 Nb6 15. Ne3 c4 16. Qe2 Rfe8 17. bxc4 Nxc4 18. Nxc4 bxc4 19. Rb1 exd4 20. Nxd4 Rab8 21. Rxb8 Rxb8 22. f4 Bf8 23. Ba3 h6 24. Qf2 Re8 25. Re3 Bc8 26. Nf3 Bb7 27. e5 dxe5 28. Bxf8 Rxf8 29. Nxe5 Rd8 30. Re2 Ba8 31. Kh2 Bd5 32. Rd2 Ne4 33. Bxe4 Bxe4 34. Rxd8+ 1/2-1/2

[Event "WC-2016-P-00015"]
[Site "LSS email"]
[Date "2012.02.12"]
[Round "?"]
[White "Welford, Richard R"]
[Black "Giurgiu, Nicolas T"]
[Result "1-0"]
[WhiteElo "1948"]
[BlackElo "2084"]
[PlyCount "85"]
[EventDate "2012.02.15"]
[EventType "tourn (corr)"]
[EventRounds "12"]
[EventCountry "GER"]
[SourceTitle "Telechess CBM 163"]
[Source "ChessBase"]
[SourceDate "2014.11.11"]
[SourceVersion "2"]
[SourceVersionDate "2014.11.11"]
[SourceQuality "1"]

1. e4 e5 2. Nf3 Nc6 3. Bb5 a6 4. Ba4 Nf6 5. 0-0 Be7 6. Re1 b5 7. Bb3 0-0 8. h3 d6 9. c3 Na5 10. Bc2 d5 11. d4 Nxe4 12. Nxe5 f6 13. Nd3 Bd6 14. Nd2 f5 15. a4 Bb7 16. Nb3 Nxb3 17. Bxb3 bxa4 18. Bxa4 Qh4 19. Qf3 g5 20. Ne5 Rad8 21. Bc2 c5 22. Bd3 Bxe5 23. dxe5 c4 24. Bc2 Rde8 25. Be3 Rxe5 26. Bd4 Re6 27. b3 cxb3 28. Bxb3 Rf7 29. Ba2 Qh6 30. Qd3 Nd6 31. Qg3 Rfe7 32. Rxe6 Rxe6 33. Rb1 Bc6 34. Rb6 f4 35. Qd3 Nc4 36. Bxc4 dxc4 37. Qxc4 Kf8 38. Qc5+ Kg8 39. Rb8+ Be8 40. Rb7 Bf7 41. c4 Qf8 42. Qxg5+ Bg6 43. Bc3 1-0

[Event "WC-2016-P-00015"]
[Site "LSS email"]
[Date "2012.02.12"]
[Round "?"]
[White "Zacharov, Oleg"]
[Black "Giurgiu, Nicolas T"]
[Result "1-0"]
[WhiteElo "2179"]
[BlackElo "2084"]
[PlyCount "133"]
[EventDate "2012.02.15"]
[EventType "tourn (corr)"]
[EventRounds "12"]
[EventCountry "GER"]
[SourceTitle "Telechess CBM 163"]
[Source "ChessBase"]
[SourceDate "2014.11.11"]
[SourceVersion "2"]
[SourceVersionDate "2014.11.11"]
[SourceQuality "1"]

1. e4 e5 2. Nf3 Nc6 3. Bb5 a6 4. Ba4 Nf6 5. 0-0 Be7 6. Re1 b5 7. Bb3 0-0 8. c3 d6 9. h3 Na5 10. Bc2 c5 11. d4 Qc7 12. Nbd2 Re8 13. b3 exd4 14. cxd4 Bb7 15. Bb2 h6 16. Rc1 Qb6 17. Bb1 Rad8 18. dxc5 dxc5 19. e5 Nd7 20. e6 fxe6 21. Qc2 Nf8 22. Ne4 e5 23. Nxe5 Nc6 24. Ng6 Nxg6 25. Nxc5 Rd6 26. b4 Nxb4 27. Qc3 Rf6 28. Qxb4 Nf4 29. Qb3+ Bd5 30. Qg3 Rf7 31. Bf5 Qb8 32. Be5 Qa7 33. Bd4 g5 34. Ne6 Qd7 35. Rc7 Qd6 36. Nxf4 Qxc7 37. Nxd5 Qxg3 38. fxg3 Rxf5 39. Rxe7 Rc8 40. Ne3 Rf7 41. Re6 Rc1+ 42. Kh2 Rd7 43. Nf5 a5 44. Nxh6+ Kh7 45. Nf5 Rc2 46. Rh6+ Kg8 47. Nd6 Kf8 48. a3 b4 49. Be5 Rd8 50. axb4 axb4 51. Rf6+ Ke7 52. Nf5+ Ke8 53. Rb6 Rf2 54. Nd6+ Kd7 55. Rxb4 Ra8 56. Ne4 Re2 57. Rd4+ Ke8 58. h4 gxh4 59. gxh4 Raa2 60. Kg3 Rxg2+ 61. Kf4 Ra5 62. Kf5 Ke7 63. Rd6 Rh2 64. Rh6 Kd7 65. Nf6+ Kc8 66. Rh8+ Kb7 67. h5 1-0

[Event "CP-2010-Q-00015"]
[Site "LSS email"]
[Date "2012.01.15"]
[Round "?"]
[White "Giurgiu, Nicolas T"]
[Black "Gubo, Jozef"]
[Result "1/2-1/2"]
[WhiteElo "2084"]
[BlackElo "1864"]
[PlyCount "97"]
[EventDate "2012.01.20"]
[EventType "tourn (corr)"]
[EventRounds "8"]
[EventCountry "GER"]
[SourceTitle "Telechess CBM 163"]
[Source "ChessBase"]
[SourceDate "2014.11.11"]
[SourceVersion "2"]
[SourceVersionDate "2014.11.11"]
[SourceQuality "1"]

1. e4 e6 2. d4 d5 3. Nc3 Nf6 4. e5 Nfd7 5. f4 c5 6. Nf3 Nc6 7. Be3 cxd4 8. Nxd4 Bc5 9. Qd2 0-0 10. 0-0-0 a6 11. h4 Nxd4 12. Bxd4 b6 13. h5 b5 14. Bxc5 Nxc5 15. g4 Qb6 16. f5 Qc7 17. f6 Qxe5 18. fxg7 Rd8 19. Bg2 Bb7 20. h6 Rac8 21. Ne2 d4 22. Bxb7 Nxb7 23. Nxd4 Qc5 24. Qf2 Qg5+ 25. Kb1 Qxg4 26. Rd3 Nd6 27. Rf1 Qg6 28. Qh2 Nc4 29. a3 f5 30. Qh4 Re8 31. Ka1 Qg2 32. Qf4 Qe4 33. Qg3 Qe5 34. Qg5 a5 35. Ka2 b4 36. a4 Nb6 37. Nxf5 exf5 38. Rxf5 Qe6+ 39. Kb1 Qe1+ 40. Ka2 Qe6+ 41. b3 Rxc2+ 42. Kb1 Rc1+ 43. Kxc1 Qe1+ 44. Kc2 Rc8+ 45. Kb2 Nxa4+ 46. bxa4 Rc2+ 47. Kxc2 b3+ 48. Rxb3 Qc3+ 49. Kxc3 1/2-1/2

[Event "CP-2010-Q-00015"]
[Site "LSS email"]
[Date "2012.01.15"]
[Round "?"]
[White "Giurgiu, Nicolas T"]
[Black "Sidenko, Anatoly Viktorovich"]
[Result "0-1"]
[WhiteElo "2084"]
[BlackElo "2328"]
[PlyCount "76"]
[EventDate "2012.01.20"]
[EventType "tourn (corr)"]
[EventRounds "8"]
[EventCountry "GER"]
[SourceTitle "Telechess CBM 163"]
[Source "ChessBase"]
[SourceDate "2014.11.11"]
[SourceVersion "2"]
[SourceVersionDate "2014.11.11"]
[SourceQuality "1"]

1. e4 c5 2. Nf3 d6 3. d4 cxd4 4. Nxd4 Nf6 5. Nc3 a6 6. Bg5 e6 7. f4 Qb6 8. Qd2 Qxb2 9. Rb1 Qa3 10. Be2 Nbd7 11. 0-0 Qc5 12. Kh1 Be7 13. Bf3 0-0 14. Bh4 Qc7 15. Bf2 h6 16. a4 Rd8 17. Qe3 Bf8 18. Nde2 Rb8 19. g4 b6 20. g5 hxg5 21. fxg5 Nh7 22. Bg2 g6 23. h4 Bg7 24. Qg3 Bb7 25. Qf4 Rf8 26. Qe3 f6 27. h5 gxh5 28. g6 Ng5 29. Rfd1 Ba8 30. Qd2 Ne5 31. Qxd6 Qxd6 32. Rxd6 Nc4 33. Rd4 Rbc8 34. Rb4 Ne5 35. Rxb6 f5 36. exf5 Ng4 37. Rxg4 hxg4 38. Bxa8 Rxa8 0-1

[Event "CP-2010-Q-00015"]
[Site "LSS email"]
[Date "2012.01.15"]
[Round "?"]
[White "Giurgiu, Nicolas T"]
[Black "Simmelink, Joop Theo"]
[Result "0-1"]
[WhiteElo "2084"]
[BlackElo "2303"]
[PlyCount "92"]
[EventDate "2012.01.20"]
[EventType "tourn (corr)"]
[EventRounds "8"]
[EventCountry "GER"]
[SourceTitle "Telechess CBM 163"]
[Source "ChessBase"]
[SourceDate "2014.11.11"]
[SourceVersion "2"]
[SourceVersionDate "2014.11.11"]
[SourceQuality "1"]

1. e4 Nc6 2. d4 d5 3. e5 f6 4. Nf3 Bg4 5. Bb5 Qd7 6. 0-0 a6 7. Bxc6 Qxc6 8. Nc3 e6 9. Re1 0-0-0 10. h3 Bh5 11. exf6 gxf6 12. Bf4 Ne7 13. Qe2 Rg8 14. Kh1 Bf7 15. Qd2 Nf5 16. Rab1 Nd6 17. Bxd6 Rxd6 18. b4 Qd7 19. b5 axb5 20. Rxb5 Be8 21. Rb3 Qg7 22. Rg1 Bd7 23. a4 Ra6 24. Qe2 Ra5 25. g3 b6 26. Rgb1 Qf7 27. Kg2 h5 28. Qd2 Qg6 29. Qe2 Qf5 30. Kh2 Kb7 31. Nh4 Qh7 32. Qd2 Bh6 33. f4 Rga8 34. Re1 Qf7 35. Qe2 Rg8 36. Nf3 Bf8 37. Nh4 e5 38. dxe5 fxe5 39. Qxe5 Rc5 40. Qe3 Rc4 41. Qd2 Bd6 42. Nxd5 Bc6 43. Rd1 Re8 44. Ng2 h4 45. Nxh4 Bc5 46. Nf3 Qxd5 0-1

[Event "CP-2010-Q-00015"]
[Site "LSS email"]
[Date "2012.01.15"]
[Round "?"]
[White "Giurgiu, Nicolas T"]
[Black "Szczepanski, Zbigniew"]
[Result "1/2-1/2"]
[WhiteElo "2084"]
[BlackElo "2464"]
[PlyCount "58"]
[EventDate "2012.01.20"]
[EventType "tourn (corr)"]
[EventRounds "8"]
[EventCountry "GER"]
[SourceTitle "Telechess CBM 163"]
[Source "ChessBase"]
[SourceDate "2014.11.11"]
[SourceVersion "2"]
[SourceVersionDate "2014.11.11"]
[SourceQuality "1"]

1. e4 c5 2. Nf3 Nc6 3. d4 cxd4 4. Nxd4 Nf6 5. Nc3 e5 6. Ndb5 d6 7. Bg5 a6 8. Na3 b5 9. Nd5 Be7 10. Bxf6 Bxf6 11. c4 b4 12. Nc2 a5 13. Qf3 Be7 14. Be2 0-0 15. 0-0 Be6 16. a3 bxa3 17. Qxa3 Bg5 18. Rfd1 Qb8 19. g3 Rc8 20. Qa4 g6 21. b3 h5 22. h4 Bd8 23. Rd2 Bxd5 24. cxd5 Nb4 25. Nxb4 Qxb4 26. Qxb4 axb4 27. Rxa8 Rxa8 28. Rc2 Bb6 29. Kg2 Ra3 1/2-1/2

[Event "CP-2010-Q-00015"]
[Site "LSS email"]
[Date "2012.01.15"]
[Round "?"]
[White "Kolar, Jaroslav"]
[Black "Giurgiu, Nicolas T"]
[Result "1/2-1/2"]
[WhiteElo "2112"]
[BlackElo "2084"]
[PlyCount "98"]
[EventDate "2012.01.20"]
[EventType "tourn (corr)"]
[EventRounds "8"]
[EventCountry "GER"]
[SourceTitle "Telechess CBM 163"]
[Source "ChessBase"]
[SourceDate "2014.11.11"]
[SourceVersion "2"]
[SourceVersionDate "2014.11.11"]
[SourceQuality "1"]

1. d4 d5 2. c4 e6 3. Nc3 Nf6 4. Bg5 Be7 5. e3 h6 6. Bh4 0-0 7. Nf3 b6 8. Be2 Bb7 9. Bxf6 Bxf6 10. cxd5 exd5 11. b4 c6 12. 0-0 Qd6 13. Qb3 Nd7 14. Rfd1 Be7 15. Rab1 a5 16. bxa5 Rxa5 17. a4 Rfa8 18. Bd3 Ba6 19. Bxa6 R5xa6 20. e4 dxe4 21. Nxe4 Qg6 22. Nc3 Ra5 23. Re1 Bd6 24. Qc4 Rc8 25. Rb2 Qh5 26. h3 Qf5 27. Rbe2 Raa8 28. Re3 Qa5 29. Rb1 Qa6 30. Qb3 Re8 31. Rbe1 Rxe3 32. Rxe3 Qa5 33. Qc4 c5 34. g3 cxd4 35. Nxd4 Qc5 36. Qb5 Nf6 37. Rd3 g6 38. Kg2 Kg7 39. Qxc5 Bxc5 40. f4 Re8 41. Nf3 Ne4 42. Ne5 Nxc3 43. Rxc3 Ra8 44. Rd3 Rxa4 45. Rd7 Ra2+ 46. Kf3 Ra3+ 47. Kg2 Ra2+ 48. Kf3 Ra3+ 49. Kg2 Ra2+ 1/2-1/2

[Event "RA-2011-0-00179"]
[Site "LSS email"]
[Date "2012.01.12"]
[Round "?"]
[White "Giurgiu, Nicolas T"]
[Black "Janosi, Ervin"]
[Result "1/2-1/2"]
[WhiteElo "2126"]
[BlackElo "2120"]
[PlyCount "94"]
[EventDate "2011.12.28"]
[EventType "tourn (corr)"]
[EventRounds "6"]
[EventCountry "GER"]
[SourceTitle "Telechess CBM 155"]
[Source "ChessBase"]
[SourceDate "2013.07.16"]
[SourceVersion "1"]
[SourceVersionDate "2013.07.16"]
[SourceQuality "1"]

1. e4 g6 2. d4 Bg7 3. c4 d6 4. Nc3 Nf6 5. Nf3 0-0 6. Be2 e5 7. d5 a5 8. 0-0 Na6 9. Bg5 h6 10. Bh4 g5 11. Bg3 Nh5 12. Nd2 Nf4 13. h3 Bd7 14. Bg4 Re8 15. Re1 Bxg4 16. hxg4 Nc5 17. Nb3 Nd7 18. a4 c6 19. f3 h5 20. gxh5 g4 21. fxg4 Qg5 22. c5 Nf6 23. cxd6 Nxg4 24. Nc5 Ra7 25. Qf3 Rd8 26. Rad1 Rxd6 27. dxc6 Rxc6 28. Bxf4 exf4 29. Rd5 Be5 30. Nd7 Qh4 31. Rb1 Qh2+ 32. Kf1 Ne3+ 33. Ke2 Bg7 34. Rd3 Nxg2 35. Rf1 Nh4+ 36. Qf2 f3+ 37. Kd2 Qxf2+ 38. Rxf2 b6 39. e5 Kh8 40. Rd5 Ng2 41. Kc1 Ne3 42. Rd3 Ng4 43. Rfxf3 Nxe5 44. Nxe5 Bxe5 45. Kc2 Kh7 46. Rd5 f6 47. Kb3 Rg7 1/2-1/2

[Event "SA-2011-0-00214"]
[Site "LSS email"]
[Date "2011.09.09"]
[Round "?"]
[White "Giurgiu, Nicolas T"]
[Black "Daurelle, Herve"]
[Result "1/2-1/2"]
[WhiteElo "2123"]
[BlackElo "2276"]
[PlyCount "165"]
[EventDate "2011.08.20"]
[EventType "tourn (corr)"]
[EventRounds "6"]
[EventCountry "GER"]
[SourceTitle "Corr 2015"]
[Source "ChessBase"]
[SourceDate "2015.07.17"]
[SourceVersion "1"]
[SourceVersionDate "2015.07.17"]
[SourceQuality "1"]

1. e4 c5 2. Nf3 e6 3. d4 cxd4 4. Nxd4 Nc6 5. Nc3 Qc7 6. Be2 a6 7. 0-0 Nf6 8. Be3 Bb4 9. Na4 0-0 10. Nxc6 bxc6 11. f4 Be7 12. Bf3 Rb8 13. c4 d6 14. b3 c5 15. Qe1 Bd7 16. Nc3 Bc6 17. Rd1 Nd7 18. Bf2 e5 19. f5 a5 20. Qd2 a4 21. bxa4 Rb4 22. Qd3 Qa5 23. Rc1 Qa6 24. a3 Rb3 25. Qc2 Qxc4 26. Qa2 Rxc3 27. Qxc4 Rxc4 28. Rxc4 Ra8 29. Rb1 Bd8 30. g4 Bxa4 31. h4 Bc6 32. Rc3 Kf8 33. g5 Ke7 34. Rb2 Ba5 35. Rc1 Bc7 36. Ra2 Ra4 37. Re1 Ba5 38. Re3 g6 39. f6+ Kd8 40. Kg2 Nf8 41. Kg3 Ne6 42. Be1 Bb6 43. Bd2 c4 44. Re1 Nd4 45. Bd1 Ra6 46. a4 Nb3 47. Bc3 Nc1 48. Ra1 Nd3 49. Re2 d5 50. a5 Bc5 51. exd5 Bxd5 52. Ba4 Ra8 53. Rb1 Kc7 54. Bb5 e4 55. Rc2 Kd6 56. Ra2 e3 57. a6 Rb8 58. a7 Ra8 59. Ra6+ Kc7 60. Ba5+ Kc8 61. Kh3 Rxa7 62. Rxa7 Bxa7 63. Ba6+ Kd7 64. Bxc4 Bxc4 65. Rb7+ Kd6 66. Rxa7 e2 67. Re7 Be6+ 68. Kg3 e1Q+ 69. Bxe1 Nxe1 70. Re8 Ke5 71. Rh8 Nc2 72. Rxh7 Nd4 73. Rh8 Nf5+ 74. Kf3 Bd5+ 75. Kg4 Ne3+ 76. Kg3 Nf1+ 77. Kg4 Be6+ 78. Kf3 Nd2+ 79. Kg3 Ne4+ 80. Kf3 Nd6 81. Kg3 Bd5 82. Rd8 Bb7 83. Kg4 1/2-1/2

[Event "SA-2011-0-00207"]
[Site "LSS email"]
[Date "2011.08.04"]
[Round "?"]
[White "Avellan, Gerardo"]
[Black "Giurgiu, Nicolas T"]
[Result "1-0"]
[WhiteElo "2079"]
[BlackElo "2084"]
[PlyCount "75"]
[EventDate "2011.07.20"]
[EventType "tourn (corr)"]
[EventRounds "6"]
[EventCountry "GER"]
[SourceTitle "Telechess CBM 159"]
[Source "ChessBase"]
[SourceDate "2014.03.17"]
[SourceVersion "1"]
[SourceVersionDate "2014.03.17"]
[SourceQuality "1"]

1. d4 d5 2. c4 e6 3. Nc3 c6 4. Nf3 Nd7 5. e4 dxe4 6. Nxe4 Ngf6 7. Bd3 Nxe4 8. Bxe4 Nf6 9. Bc2 Bb4+ 10. Bd2 Qa5 11. Qe2 0-0 12. 0-0 Bxd2 13. Nxd2 Rd8 14. Nf3 c5 15. Qe5 b6 16. dxc5 bxc5 17. Be4 Nxe4 18. Qxe4 Qb6 19. Ng5 h6 20. Qh7+ Kf8 21. Nf3 Qxb2 22. Rae1 Qf6 23. Ne5 Rd6 24. Re3 Rd2 25. h4 a5 26. a4 Rd4 27. Rfe1 g5 28. hxg5 hxg5 29. Rf3 Rf4 30. Rxf4 gxf4 31. Rd1 Qxe5 32. Rd8+ Ke7 33. Qh4+ Qf6 34. Re8+ Kxe8 35. Qxf6 f3 36. g4 Bb7 37. Qh8+ Ke7 38. Qe5 1-0